[Event "AUTO-OPEN-195"]
[Site "http://www.queenalice.com/game.php?id=44450"]
[Date "2005.12.20"]
[Round "1"]
[White "lbustio"]
[Black "buaco"]
[Result "1-0"]
[WhiteElo "1528"]
[BlackElo "1180"]

1. e4 e5 2. Nf3 Nf6 3. Nxe5 d6 4. Nc4 Nxe4 5. Be2 d5 6. Ne3 Nc6 7. Nxd5 Qxd5 8.
Nc3 Nxc3 9. bxc3 Qxg2 10. Bf3 Qh3 11. Bb2 Be6 12. d3 Bd6 13. c4 1-0

[Event "Ahora si te voy a descojonar too"]
[Site "http://www.queenalice.com/game.php?id=48247"]
[Date "2006.1.17"]
[Round "-"]
[White "lbustio"]
[Black "avieytoa"]
[Result "1-0"]
[WhiteElo "1557"]
[BlackElo "1517"]

1. e4 e5 2. Nf3 Nc6 3. Nc3 Nf6 4. Bb5 Bc5 5. O-O a6 6. Bxc6 bxc6 7. Nxe5 Nxe4 8.
Nxe4 Qe7 9. Nxc5 Qxe5 10. d4 Qf6 11. Re1+ Qe7 12. Rxe7+ 1-0

[Event "Challenge"]
[Site "http://www.queenalice.com/game.php?id=50800"]
[Date "2006.2.2"]
[Round "-"]
[White "DenisDiaz"]
[Black "lbustio"]
[Result "1-0"]
[WhiteElo "1729"]
[BlackElo "1668"]

1. e4 e5 2. Nf3 Nf6 3. Nc3 Nc6 4. a3 d5 5. Bb5 d4 6. Ne2 Bd6 7. d3 O-O 8. Bg5
Na5 9. Qd2 c6 10. Bxf6 Qxf6 11. Qxa5 b6 12. Qd2 cxb5 13. c3 dxc3 14. Nxc3 Bg4
15. Nxb5 Bxf3 16. Nxd6 Bxg2 17. Rg1 Qxd6 18. Rxg2 Rad8 19. O-O-O Rc8+ 20. Kb1
Rfd8 21. f3 Rc7 22. h4 f6 23. h5 a6 24. h6 g6 25. Rf2 Rcd7 26. Qe3 Qe6 27. f4
Qb3 28. Rfd2 Rd6 29. fxe5 fxe5 30. Qg3 Qb5 31. Ka1 R6d7 32. Qh3 1-0

[Event "Dale punto de nuevo"]
[Site "http://www.queenalice.com/game.php?id=52266"]
[Date "2006.2.11"]
[Round "-"]
[White "avieytoa"]
[Black "lbustio"]
[Result "0-1"]
[WhiteElo "1608"]
[BlackElo "1662"]

1. e4 e5 2. Nf3 Nc6 3. Bc4 Nf6 4. Nc3 Nd4 5. Nxe5 Ne6 6. d3 Bb4 7. Bd2 c6 8. O-O
d6 9. Nf3 Ba5 10. a3 d5 11. exd5 cxd5 12. Bb5+ Bd7 13. Bxd7+ Qxd7 14. Re1 O-O
15. Nxd5 Qxd5 16. Re5 Qd7 17. Bxa5 Rfc8 18. c4 Qd6 19. Rf5 Nd4 0-1

[Event "AUTO-MASTER-102"]
[Site "http://www.queenalice.com/game.php?id=52371"]
[Date "2006.2.11"]
[Round "1"]
[White "mfrezman"]
[Black "lbustio"]
[Result "1-0"]
[WhiteElo "1630"]
[BlackElo "1740"]

1. d4 d5 2. Nf3 Nf6 3. Bf4 c5 4. e3 Na6 5. c3 Nc7 6. Bd3 Ne6 7. Be5 g6 8. Nbd2
c4 9. Bc2 Bh6 10. O-O O-O 11. Nh4 Qa5 12. Nf5 gxf5 13. Bxf5 Ng7 14. Bxc8 Raxc8
15. Bxf6 exf6 16. Nf3 Nf5 17. Re1 Rfe8 18. Qc2 Nd6 19. b4 cxb3 20. axb3 Qxc3 21.
Qa2 a6 22. Rac1 Qxc1 23. h3 Rc2 24. Qa4 Qb2 25. Qd7 Rxf2 26. Qxd6 Rxg2+ 27. Kh1
Qf2 28. Qxd5 1-0

[Event "AUTO-MASTER-102"]
[Site "http://www.queenalice.com/game.php?id=52372"]
[Date "2006.2.11"]
[Round "1"]
[White "lbustio"]
[Black "mfrezman"]
[Result "1-0"]
[WhiteElo "1708"]
[BlackElo "1519"]

1. e4 g6 2. Nf3 d6 3. d4 Bg7 4. Nc3 Nf6 5. h3 e5 6. dxe5 dxe5 7. Nxe5 O-O 8. Nd3
Nc6 9. Bg5 Qd4 10. Qf3 Be6 11. O-O-O Qd7 12. Nf4 Qe7 13. Nfd5 Qc5 14. Bxf6 Bxd5
15. Rxd5 Qb6 16. Rb5 Qa6 17. Rc5 Qb6 18. Na4 Qb4 19. b3 Qe1+ 20. Kb2 Rfe8 21.
Bxg7 Kxg7 22. Qxf7+ Kh6 23. Rh5+ Kxh5 24. Qf4 Rxe4 25. g4+ Kh4 26. Qh6# 1-0

[Event "AUTO-MASTER-102"]
[Site "http://www.queenalice.com/game.php?id=52391"]
[Date "2006.2.11"]
[Round "1"]
[White "lbustio"]
[Black "Scander"]
[Result "0-1"]
[WhiteElo "1698"]
[BlackElo "1793"]

1. e4 d5 2. exd5 Qxd5 3. Nc3 Qd6 4. d4 h6 5. Bb5+ c6 6. Ba4 Nf6 7. Nf3 a5 8. Bb3
b5 9. Ne5 e6 10. h4 a4 11. Bf4 Qe7 12. Qf3 Bb7 13. Bxa4 bxa4 14. O-O c5 15. dxc5
Bxf3 16. Nxf3 Qxc5 17. Rab1 Nc6 18. Rfd1 Be7 19. Be3 Qf5 20. b3 Qxc2 21. Rbc1
Qxa2 22. Nxa2 axb3 23. Rxc6 bxa2 24. Ra1 O-O 25. Rc2 Nd5 0-1

[Event "AUTO-MASTER-102"]
[Site "http://www.queenalice.com/game.php?id=52392"]
[Date "2006.2.11"]
[Round "1"]
[White "Scander"]
[Black "lbustio"]
[Result "1-0"]
[WhiteElo "1780"]
[BlackElo "1714"]

1. e4 e5 2. f4 exf4 3. Bc4 Nh6 4. Nf3 c6 5. O-O Qb6+ 6. d4 Bd6 7. e5 Bb4 8. Bxf4
Nf5 9. c3 Be7 10. Qc2 d5 11. exd6 Nxd6 12. Bxd6 Bxd6 13. Nbd2 f6 14. Rae1+ Kd8
15. Ne4 Bf5 16. Nh4 g6 17. Nxf5 Bxh2+ 18. Kxh2 Kc7 19. Nfg3 Nd7 20. Nxf6 Nxf6
21. Rxf6 Rac8 22. Re7+ Kb8 23. Be6 Rc7 24. Rff7 Rxe7 25. Rxe7 Qd8 26. Rd7 Qh4+
27. Bh3 1-0

[Event "Let's Play Chess!"]
[Site "http://www.queenalice.com/game.php?id=1254670"]
[Date "2014.2.8"]
[Round "-"]
[White "lbustio"]
[Black "BartolomeuDias"]
[Result "0-1"]
[WhiteElo "1595"]
[BlackElo "2552"]

1. d4 Nf6 2. Bg5 h6 3. Bh4 d5 4. Nf3 c5 5. Nc3 Ne4 6. Nxe4 dxe4 7. Ne5 g5 8. Bg3
cxd4 9. c3 dxc3 10. bxc3 Qa5 11. Ng4 Qxc3+ 12. Qd2 Qxa1+ 13. Qd1 Qxd1+ 14. Kxd1
Bxg4 15. h3 Be6 0-1